000 00663nam a2200229 a 4500
001 71134
003 BD-RjUL
005 20211209082100.0
008 170426s1939 nyua b 001 0 eng d
035 _a(BD-RjUL)71349
040 _aDLC/ICU
_cCGU
_beng
_dBD-RjUL
041 _aeng
082 0 _a591.7
_223
_bPEA 1939
100 1 _aPearse, A. S.
_q(Arthur Sperry),
_d1877-1956.
_9210465
245 1 0 _aAnimal ecology /
_cby A.S. Pearse.
250 _a2nd ed.
260 _aNew York ;
_aLondon :
_bMcGraw-Hill,
_c1939.
300 _axii, 642 p. :
_bill. ;
_c24 cm.
504 _aIncludes Bibliography and Index
650 0 _aAnimal ecology.
_9159186
942 _2ddc
_cBK
999 _c71134
_d71134